000 00845nam a2200253 4500
001 16501
003 HDC
007 cr bn ---aaaaa
008 210221c mydr|noo 0 a may d
040 _aHDC
100 _aNizam Abdul Hamid
_eauthor
_916274
245 0 _aMembebaskan ubat daripada kandungan haiwan /
_cby Nizam Abdul Hamid
260 _aMalaysia:
_bUtusan Malaysia,
_c2003
336 _atext
_2rdacontent
337 _acomputer
_2rdamedia
338 _aonline resource
_2rdacarrier
650 _ahealthcare product
_911918
650 _amedical sector
_914844
710 _aUtusan Malaysia
856 _zRequest full-text at [email protected]
942 _2lcc
942 _cNEWS
942 _kNSWO 008458
999 _c13817
_d13817